[Event "HUN-chT2 Szechenyi 0203"]
[Site "Hungary"]
[Date "2003.01.19"]
[Round "5"]
[White "Saghy, Krisztian"]
[Black "Avar, Zsolt"]
[Result "0-1"]
[WhiteElo "1825"]
[BlackElo "1813"]
[PlyCount "90"]
[EventDate "2002.09.22"]
[EventType "team-tourn"]
[EventRounds "11"]
[EventCountry "HUN"]
[SourceTitle "EXT 2009"]
[Source "ChessBase"]
[SourceDate "2008.11.26"]
[SourceVersion "1"]
[SourceVersionDate "2008.11.26"]
[SourceQuality "1"]

1. d4 d5 2. e3 Nf6 3. c4 e6 4. Nc3 Bb4 5. a3 Bxc3+ 6. bxc3 b6 7. a4 Ba6 8. a5 0-0 9. Qb3 dxc4 10. Bxc4 Bxc4 11. Qxc4 Qd5 12. Qxd5 exd5 13. Ne2 Nc6 14. Ba3 Rfe8 15. axb6 axb6 16. 0-0 Ra6 17. Nf4 Rea8 18. Bb2 Na5 19. f3 Nc4 20. Rxa6 Rxa6 21. Nd3 Nxe3 22. Re1 Nc4 23. Bc1 Ra1 24. Re7 h6 25. Rxc7 Nb2 26. Rc8+ Kh7 27. Ne5 Rxc1+ 28. Kf2 Rc2+ 29. Kf1 Nd1 30. Ke1 Ne3 31. g3 Rxh2 32. Nxf7 Nc4 33. Rh8+ Kg6 34. Ne5+ Nxe5 35. dxe5 Nh5 36. Rf8 Nxg3 37. f4 Re2+ 38. Kd1 Re4 39. Kc2 h5 40. Kd3 h4 41. Rb8 h3 42. Rh8 Nh5 43. f5+ Kg5 44. f6 gxf6 45. exf6 Rf4 0-1